Přírodověda pro 5. ročník ZvŠ : pracovní sešit /

Hlavní autor: Kábrtová, Krista
Další autoři: Víšek, Milan, 1953-
Jazyk: Čeština
Vydáno: Praha : Parta, 2002, c1995
Vydání: 5. vyd.
Témata:
Fyzický popis: 40 s. : il. ; 30 cm
Knihy
Uloženo v:
LEADER 01349nam a2200385 a 4500
001 000623633
003 CZ BrMZK
005 20250109110531.0
007 ta
008 020918c20021995xr c p 0 cze d
015 |a cnb001185161 
020 |a 80-7320-026-0 
035 |a (OCoLC)53262136 
040 |a BOA001  |b cze 
072 7 |a 57  |x Obecná biologie  |2 Konspekt  |9 2 
072 7 |a 37.016  |x Učební osnovy. Vyučovací předměty. Učebnice  |2 Konspekt  |9 22 
080 |a 57.081.1  |2 MRF 
080 |a (075.2)  |2 MRF 
080 |a (076.1)  |2 MRF 
100 1 |a Kábrtová, Krista  |7 mzk2005300991  |4 aut 
245 1 0 |a Přírodověda pro 5. ročník ZvŠ :  |b pracovní sešit /  |c [Krista Kábrtová ; ilustroval Milan Víšek] 
250 |a 5. vyd. 
260 |a Praha :  |b Parta,  |c 2002, c1995 
300 |a 40 s. :  |b il. ;  |c 30 cm 
500 |a Název z obálky 
650 0 7 |a přírodověda  |7 ph124940  |2 czenas 
650 0 9 |a natural history  |2 eczenas 
655 7 |a učebnice základních škol  |7 fd133773  |2 czenas 
655 7 |a pracovní sešity  |7 fd133116  |2 czenas 
655 9 |a textbooks (elementary)  |2 eczenas 
655 9 |a activity books  |2 eczenas 
700 1 |a Víšek, Milan,  |d 1953-  |7 jx20071026028  |4 ill 
910 |a BOA001  |b 3-1106.933 
990 |a BK 
996 6 |b 2610169837  |c 3-1106.933  |l MZK  |r Sklad / do 1 hodiny  |n 0  |p p.v.  |w 000623633  |u 000010  |a 1  |e BOA001  |j MZK50  |s P